00626nam a2200181Ia 4500008004100000082001600041100002200057245004200079250000800121260002800129300001100157500002400168650001600192942000700208952010600215952010600321999001700427230524s9999 xx 000 0 und d a621.38bXAV aS.P.Eugene Xavier 0aLinear and Digital Integrated Circuts a1ST aNEW DELHIbKhannac2000 aXI;385 aQuantity Number: 2 aElectronics cBK 00104070aTATCLbTATCLcGENd2023-05-24l0o621.38 XAVp16291r2023-05-24w2023-05-24yBKzCPEC5203 00104070aTATCLbTATCLcGENd2023-05-24l0o621.38 XAVp16292r2023-05-24w2023-05-24yBKzCPEC5203 c36847d36847